[Event "Challenge"]
[Site "http://www.queenalice.com/game.php?id=498294"]
[Date "2008.11.25"]
[Round "-"]
[White "kathieD"]
[Black "DGFerguson"]
[Result "0-1"]
[WhiteElo "1155"]
[BlackElo "1548"]

1. c3 c5 2. d3 e6 3. Na3 Nc6 4. c4 a6 5. Nf3 Nf6 6. Bg5 Be7 7. e4 Ng4 8. h3 Nge5
9. h4 Nxf3+ 10. gxf3 Nd4 11. Bh3 Bxg5 12. hxg5 Qxg5 13. Rc1 b5 14. cxb5 axb5 15.
Rc3 b4 16. Rxc5 Qxc5 17. Nb1 Rxa2 18. Nd2 Rxb2 19. Rg1 O-O 20. Qa1 Qc3 21. f4
Qxd2+ 22. Kf1 Qxf2# 0-1

[Event "Challenge"]
[Site "http://www.queenalice.com/game.php?id=502565"]
[Date "2008.12.4"]
[Round "-"]
[White "Pawngal"]
[Black "DGFerguson"]
[Result "0-1"]
[WhiteElo "1355"]
[BlackElo "1550"]

1. e4 c5 2. Nf3 e6 3. Nc3 Nf6 4. Bc4 Nc6 5. O-O a6 6. d3 b5 7. Bb3 c4 8. dxc4
bxc4 9. Bxc4 Bb7 10. Be3 Nb4 11. a3 Nc6 12. b4 Bd6 13. Qxd6 Ng4 14. b5 axb5 15.
Bxb5 Nxe3 16. fxe3 Ra5 17. Bxc6 Bxc6 18. h3 Qf6 19. Qb8+ Qd8 20. Qxd8+ Kxd8 21.
e5 Ke7 22. Ng5 h6 23. Rxf7+ Ke8 24. Rxg7 hxg5 25. Rxg5 Rc5 26. Nd1 Rxc2 27. a4
Kf7 28. Nc3 Rxc3 29. Rg3 Rh5 30. a5 Rxe5 31. a6 Rexe3 32. Rf1+ Ke7 33. Rg7+ Kd6
34. Rd1+ Ke5 35. Rg5+ Kf6 36. Ra5 Rg3 37. a7 Rxg2+ 38. Kf1 Rh2 39. Raa1 Rf3+ 40.
Ke1 Bb5 41. Rd2 Rf1# 0-1

[Event "Poirot X DGFerguson"]
[Site "http://www.queenalice.com/game.php?id=517690"]
[Date "2009.1.5"]
[Round "-"]
[White "Poirot"]
[Black "DGFerguson"]
[Result "1-0"]
[WhiteElo "1754"]
[BlackElo "1556"]

1. e4 c5 2. Nf3 e6 3. d4 Nf6 4. e5 Ne4 5. c3 cxd4 6. cxd4 Bb4+ 7. Nbd2 Nxd2 8.
Bxd2 Qb6 9. Rc1 O-O 10. Rc2 Nc6 11. Bd3 a5 12. O-O Nxd4 13. Nxd4 Qxd4 14. Bxb4
1-0

[Event "DGFerguson X Poirot"]
[Site "http://www.queenalice.com/game.php?id=518209"]
[Date "2009.1.6"]
[Round "-"]
[White "DGFerguson"]
[Black "Poirot"]
[Result "0-1"]
[WhiteElo "1565"]
[BlackElo "1745"]

1. c4 c5 2. e3 e6 3. Nc3 Nf6 4. a3 Nc6 5. Nf3 Be7 6. b4 O-O 7. Bb2 d5 8. cxd5
exd5 9. b5 Nb8 10. Na4 Nbd7 11. Ne5 Nxe5 12. Bxe5 Re8 13. Bxf6 Bxf6 0-1

[Event "Challenge"]
[Site "http://www.queenalice.com/game.php?id=520854"]
[Date "2009.1.11"]
[Round "-"]
[White "DGFerguson"]
[Black "cdare"]
[Result "1-0"]
[WhiteElo "1545"]
[BlackElo "1712"]

1. c4 e5 2. e3 Nf6 3. Nc3 Nc6 4. a3 a6 5. b4 Nxb4 6. axb4 Bxb4 7. Nd5 Nxd5 8.
cxd5 O-O 9. Bb2 d6 10. Nf3 Qf6 11. Be2 Qg6 12. O-O Bh3 13. Nh4 Qg5 14. g3 Bxf1
15. Bxf1 f5 16. Nf3 Qg4 17. Bc3 Bc5 18. Be2 Qe4 19. Ng5 Qxd5 20. Bf3 e4 21. Bh5
h6 22. Bf7+ Qxf7 23. Nxf7 Rxf7 24. Qb3 b5 25. Qd5 Kf8 26. Qxa8+ 1-0

[Event "Challenge"]
[Site "http://www.queenalice.com/game.php?id=523643"]
[Date "2009.1.16"]
[Round "-"]
[White "cdare"]
[Black "DGFerguson"]
[Result "1-0"]
[WhiteElo "1706"]
[BlackElo "1543"]

1. e4 c5 2. Nf3 e6 3. c3 Nf6 4. e5 Ne4 5. Bc4 Nc6 6. O-O Na5 7. Bb3 a6 8. d3 d5
9. dxe4 c4 10. Bc2 Bc5 11. exd5 exd5 12. Bg5 Qd7 13. Nbd2 O-O 14. Qe2 Qg4 15. h3
Qh5 16. Kh2 h6 17. Be3 Bxe3 18. Qxe3 Nc6 19. Rae1 Ne7 20. b3 Nf5 21. Bxf5 Bxf5
22. Qf4 Bd3 23. Rg1 Qg6 24. Nh4 Qb6 25. b4 Rae8 26. Qg3 g5 27. Nhf3 f6 28. exf6
Rxe1 29. Rxe1 Qxf6 30. Qg4 Bf5 31. Qd4 Qd6+ 32. Kh1 b6 33. a3 g4 34. hxg4 Bg6
35. Ne5 Re8 36. Ndf3 Be4 37. Rxe4 Qe7 38. Qxd5+ 1-0

[Event "Challenge"]
[Site "http://www.queenalice.com/game.php?id=540943"]
[Date "2009.2.15"]
[Round "-"]
[White "paloberto"]
[Black "DGFerguson"]
[Result "1-0"]
[WhiteElo "1670"]
[BlackElo "1568"]

1. e4 c5 2. Nf3 e6 3. Bc4 Nf6 4. e5 Ng4 5. d3 Nc6 6. Bg5 Qa5+ 7. c3 Ncxe5 8. h3
Nxf3+ 9. Qxf3 Ne5 10. Qf4 d6 11. O-O Be7 12. Nd2 b5 13. Bb3 b4 14. Bxe7 Kxe7 15.
Rfe1 Nxd3 16. Qg5+ Kd7 17. Re3 Nxb2 18. Qxg7 Bb7 19. Qxf7+ Kc6 20. Qxe6 1-0

[Event "Challenge"]
[Site "http://www.queenalice.com/game.php?id=569835"]
[Date "2009.4.10"]
[Round "-"]
[White "DGFerguson"]
[Black "cdare"]
[Result "0-1"]
[WhiteElo "1534"]
[BlackElo "1656"]

1. c4 e5 2. e3 Nf6 3. Nf3 Nc6 4. Nc3 a6 5. b3 Bc5 6. Na4 Ba7 7. Bb2 d6 8. Ng5 h6
9. Nf3 O-O 10. Nc3 Bg4 11. Be2 Qd7 12. Nd5 Nxd5 13. cxd5 Ne7 0-1

[Event "Challenge"]
[Site "http://www.queenalice.com/game.php?id=601296"]
[Date "2009.6.10"]
[Round "-"]
[White "DGFerguson"]
[Black "Pawngal"]
[Result "1-0"]
[WhiteElo "1516"]
[BlackElo "1368"]

1. c4 f5 2. e3 Nf6 3. Nc3 g6 4. Nf3 Bg7 5. Qb3 O-O 6. Ne5 Nc6 7. c5+ e6 8. d4
Nxe5 9. dxe5 Ne4 10. Nxe4 d6 11. exd6 cxd6 12. Nxd6 b6 13. Nxc8 Qxc8 14. cxb6
axb6 15. Bc4 Re8 16. O-O Qc5 17. Bxe6+ Kf8 18. Rd1 h5 19. Rd7 b5 20. Bg8 Qc4 21.
Bxc4 bxc4 22. Qxc4 Rac8 23. Qf7# 1-0

[Event "Challenge"]
[Site "http://www.queenalice.com/game.php?id=610570"]
[Date "2009.6.29"]
[Round "-"]
[White "cdare"]
[Black "DGFerguson"]
[Result "1-0"]
[WhiteElo "1697"]
[BlackElo "1546"]

1. e4 c5 2. Nf3 e6 3. c3 Nf6 4. e5 Ne4 5. d3 Nxf2 6. Kxf2 Qb6 7. Be3 Qxb2+ 8.
Nbd2 Qxc3 9. g3 Nc6 10. Be2 Nxe5 11. Ne4 Ng4+ 12. Kg1 Qb4 13. Bd2 Qb6 14. Kg2 c4
15. Rb1 Ne3+ 16. Bxe3 Qxe3 17. Qd2 Qxd2 18. Nexd2 c3 19. Nc4 b5 20. Rxb5 Ba6 21.
Rbb1 d5 22. Nce5 Bd6 23. Rhc1 Rc8 24. Rb3 c2 25. Ng4 O-O 26. Ne1 d4 27. Nxc2 h5
28. Nf2 Be5 29. Bxh5 g6 30. Bf3 f5 31. Rbb1 f4 32. g4 g5 33. Nb4 Rxc1 34. Rxc1
Bd6 35. Nxa6 Ba3 36. Rc7 Ra8 37. Bxa8 1-0

[Event "Challenge"]
[Site "http://www.queenalice.com/game.php?id=620948"]
[Date "2009.7.18"]
[Round "-"]
[White "DGFerguson"]
[Black "cdare"]
[Result "1-0"]
[WhiteElo "1523"]
[BlackElo "1689"]

1. c4 e5 2. e3 Nc6 3. Nf3 Nf6 4. Nc3 Bc5 5. a3 a6 6. b4 Nxb4 7. axb4 Bxb4 8. Qb3
Bxc3 9. Qxc3 d6 10. Ba3 O-O 11. Bd3 c5 12. O-O Bd7 13. Ng5 Qc8 14. Rab1 Rb8 15.
Ne4 Nxe4 16. Bxe4 Bc6 17. Bd5 Bxd5 18. cxd5 b5 19. f4 exf4 20. Bb2 f6 21. Rxf4
b4 22. Qc2 a5 23. Rh4 g6 24. Rf1 Qd8 25. d4 f5 26. Qf2 Qd7 27. dxc5 dxc5 28. Qd2
c4 29. Rxc4 Qb5 30. Qd4 Kf7 31. Rc7+ Ke8 32. Qe5+ Kd8 33. Qe7# 1-0

[Event "Challenge"]
[Site "http://www.queenalice.com/game.php?id=622898"]
[Date "2009.7.22"]
[Round "-"]
[White "forth_generation"]
[Black "DGFerguson"]
[Result "1-0"]
[WhiteElo "1750"]
[BlackElo "1523"]

1. e4 c5 2. Nf3 e6 3. c3 Nf6 4. e5 Ne4 5. d3 Nxf2 6. Kxf2 Nc6 7. Kg1 Qb6 8. Na3
c4+ 9. d4 Bxa3 10. bxa3 Na5 11. Ng5 d6 12. Qh5 1-0

[Event "Challenge"]
[Site "http://www.queenalice.com/game.php?id=676650"]
[Date "2009.11.2"]
[Round "-"]
[White "ymfrancois"]
[Black "DGFerguson"]
[Result "1-0"]
[WhiteElo "1854"]
[BlackElo "1526"]

1. f4 c5 2. e3 e6 3. Bb5 a6 4. Be2 Nf6 5. Nf3 b5 6. Ne5 Ne4 7. O-O Bb7 8. Bh5 g6
9. Bf3 Bd6 10. d3 f5 11. dxe4 Bxe5 12. fxe5 Qg5 13. exf5 Bxf3 14. Qxf3 Ra7 15.
e4 Qe7 16. f6 Qf8 17. Bh6 Qxh6 18. f7+ Kf8 19. Qf6 Qg7 20. Qd8# 1-0

[Event "Challenge"]
[Site "http://www.queenalice.com/game.php?id=694289"]
[Date "2009.12.7"]
[Round "-"]
[White "DGFerguson"]
[Black "Pawngal"]
[Result "1-0"]
[WhiteElo "1536"]
[BlackElo "1362"]

1. c4 e5 2. e3 Nf6 3. Nc3 Bb4 4. a3 Bxc3 5. bxc3 O-O 6. Bd3 d6 7. Qf3 Nc6 8. c5
dxc5 9. Bf5 Bxf5 10. Qxf5 e4 11. Nh3 a6 12. c4 b5 13. Bb2 bxc4 14. Ng5 c3 15.
Bxc3 a5 16. Bxf6 Qxf6 17. Qxh7# 1-0

[Event "Challenge"]
[Site "http://www.queenalice.com/game.php?id=722412"]
[Date "2010.1.29"]
[Round "-"]
[White "babycrocket"]
[Black "DGFerguson"]
[Result "1-0"]
[WhiteElo "1880"]
[BlackElo "1545"]

1. e4 c5 2. Nf3 e6 3. d3 Nc6 4. c3 Nf6 5. Be2 Bd6 6. O-O Ng4 7. Nbd2 Nce5 8. h3
Nxf3+ 9. Nxf3 Ne5 10. Nh2 Qf6 11. d4 cxd4 12. cxd4 Nc6 13. e5 Bxe5 14. Ng4 Qf5
15. Bd3 Qxg4 16. Qxg4 Bxd4 17. Bb5 O-O 18. Bxc6 bxc6 19. Qxd4 d5 20. Bd2 Ba6 21.
Rfe1 Rfe8 22. Rac1 Rec8 23. Re3 h6 24. Rg3 f6 25. Qxf6 g5 26. Qxe6+ Kh7 27. Qf7+
1-0

[Event "Challenge"]
[Site "http://www.queenalice.com/game.php?id=739340"]
[Date "2010.3.1"]
[Round "-"]
[White "DGFerguson"]
[Black "cdare"]
[Result "0-1"]
[WhiteElo "1542"]
[BlackElo "1698"]

1. c4 e5 2. e3 Nf6 3. Nc3 Nc6 4. Nf3 Bb4 5. a3 Bxc3 6. bxc3 d6 7. Qa4 Bd7 8. c5
Nd4 9. c6 Bxc6 10. Qa5 Nc2+ 11. Kd1 Nxa1 12. Qb4 Bxf3+ 13. Be2 Bxe2+ 14. Kxe2 b6
15. Qb2 O-O 16. Qxa1 Qd7 17. a4 Qg4+ 18. Ke1 Qxg2 19. Rf1 Qxh2 20. d4 e4 21. c4
c6 22. d5 cxd5 23. cxd5 Nxd5 24. Qd4 Rac8 25. Bb2 Nf6 26. Bc3 d5 27. a5 Rc4 28.
Qe5 Qxe5 29. Bxe5 Ng4 30. Bd6 Rfc8 0-1

[Event "Challenge"]
[Site "http://www.queenalice.com/game.php?id=741035"]
[Date "2010.3.4"]
[Round "-"]
[White "cdare"]
[Black "DGFerguson"]
[Result "1-0"]
[WhiteElo "1767"]
[BlackElo "1532"]

1. e4 c5 2. Nf3 e6 3. c3 Nf6 4. e5 Ne4 5. Qe2 d5 6. d3 Nxc3 7. Nxc3 Qa5 8. Bd2
Qb6 9. b3 d4 10. Ne4 Nc6 11. g3 Nb4 12. Qd1 Bd7 13. Bh3 Nxd3+ 14. Kf1 Bc6 15.
Nd6+ Bxd6 16. exd6 Rd8 17. Kg2 Rxd6 18. Rf1 Bb5 19. Rg1 Bc6 20. Kh1 Nb2 21. Qe2
d3 22. Qe3 O-O 23. Bg2 f5 24. Qe5 Rfd8 25. Bc3 Rd4 26. Nxd4 cxd4 27. Bxb2 Bxg2+
28. Kxg2 d2 29. Rgd1 Qc6+ 30. Kg1 Rd5 31. Qb8+ Kf7 32. Qxa7 e5 33. Rxd2 1-0